Fábulas literarias
Saved in:
| Main Authors: | , |
|---|---|
| Format: | Bog |
| Sprog: | spansk |
| Udgivet: |
Madrid
Editora Nacional
1983
|
| Udgivelse: | 2a. ed |
| Serier: | Biblioteca de la literatura y el pensamiento hispánicos, 11
|
| Fag: | |
| Tags: |
Tilføj Tag
Ingen Tags, Vær først til at tagge denne postø!
|
MARC
| LEADER | 00000nam a2200000 a 4500 | ||
|---|---|---|---|
| 001 | UCX0333 | ||
| 003 | CL-VaPUC | ||
| 008 | 890928e19830000SP |||||||||||||||||spa|d | ||
| 082 | 0 | 4 | |a 861 |b IRI |2 21 |
| 100 | |a Iriarte, Tomás de |e author |9 353871 | ||
| 700 | 0 | |a Nuez, Sebastian de la |e author |9 315725 | |
| 245 | 1 | 0 | |a Fábulas literarias |
| 250 | |a 2a. ed | ||
| 300 | |a 211 p | ||
| 942 | |c BK | ||
| 945 | |d 19890928 00:00:00 | ||
| 260 | |a Madrid |b Editora Nacional |c 1983 | ||
| 650 | 7 | |a FABULAS ESPAÑOLAS |2 CL-VaPUC |9 315726 | |
| 583 | |a last modification |c 19890928 00:00:00 |k Rodrigo Vera | ||
| 490 | 0 | |a Biblioteca de la literatura y el pensamiento hispánicos, 11 | |
| 999 | |c 221966 |d 221964 | ||
| 952 | |0 0 |1 0 |4 0 |6 861_000000000000000_IRI_1983 |7 0 |8 A |9 216082 |a BIBEDU |b BIBEDU |d 2019-11-15 |i 2846497 |o 861 IRI 1983 |p 2846497 |r 2019-11-15 |w 2019-11-15 |y BK |k LIT | ||